STN EN ISO 9001: 2001 (01 0320) [neplatná], Systémy manažérstva kvality. Požiadavky (ISO 9001: 2000)

Norma je identická s EN ISO 9001: 2000 a ISO 9001: 2000

Bibliographic Details
Main Author: Ponca, Viliam (Author)
Other Authors: Kubaský, Juraj (Translator)
Format: Book
Language:Slovak
English
PhysicalDescription:52 strán tabuľky 30 cm
Published: Bratislava Slovenský ústav technickej normalizácie 2001
Subjects:

MARC

LEADER 00000cam a2200000 a 4500
001 vtls009785155
003 SK-MaSNL
005 20260302010346.0
008 130607s2001 xo a frnu 000 0 slo
015 |a SNBN2014 
020 |c (cen. skup. 15X) 
035 |a (SVKBBclas03)vtls000154194 
040 |a SNK  |b slo  |c SNK  |e AACR2 
041 1 |a slo  |h eng 
044 |a xo  |c SK 
046 |a m  |m 20010401 (účin.)  |n 20090201 (zruš.) 
072 7 |a 005  |x Manažment. Riadenie  |2 konspekt 
080 |a 005.6  |2 2001 
080 |a 006.7/.8  |2 2001 
080 |a (437.6)  |2 2001 
080 |a (4)  |2 2001 
080 |a (083)  |2 2001 
084 |a 03.120.10  |2 ICS 
130 0 |a STN 01 0320 (STN EN ISO 9001) [neplatná]  |9 649095 
245 1 0 |a STN EN ISO 9001: 2001 (01 0320) [neplatná], Systémy manažérstva kvality. Požiadavky (ISO 9001: 2000) 
246 1 0 |a Systémy manažérstva kvality 
246 3 0 |a ISO 9001: 2000 
260 |a Bratislava  |b Slovenský ústav technickej normalizácie  |c 2001 
300 |a 52 strán  |b tabuľky  |c 30 cm 
500 |a Norma je nahradená normou STN EN ISO 9001 z februára 2009 v celom rozsahu 
500 |a Táto norma od 1.4.2001 nahrádza STN EN ISO 9001 z decembra 1996, STN EN ISO 9002 z marca 1997 a STN EN ISO 9003 z januára 1997 v celom rozsahu. Zmena 1 z augusta 2001 mení koniec platnosti týchto noriem na 15.12.2003. Neplatné normy sú uložené v archívnom fonde 
500 |a Spracovateľ: Juraj Kubaský ; SÚTN Bratislava, Viliam Ponca 
500 |a Súbežný názov v angličtine, francúzštine, nemčine 
504 |a Citované normy na strane 2 a bibliografia na strane 48-49 
520 8 |a Norma je identická s EN ISO 9001: 2000 a ISO 9001: 2000 
540 |a STN vydané na akomkoľvek nosiči sa môžu rozmnožovať a rozširovať iba so súhlasom určenej právnickej osoby  |b SÚTN Bratislava  |c zákon 264/1999 Z. z. 
650 0 7 |a manažment kvality  |2 SNKPH  |9 932 
650 0 7 |a technické normy a štandardy  |z Slovensko  |2 SNKPH  |9 79594 
650 0 7 |a technické normy a štandardy  |z krajiny Európskej únie  |2 SNKPH  |9 289341 
650 0 7 |a Quality management  |2 SNKPHeng  |9 276990 
655 7 |a normy  |2 SNKPH  |9 70643 
700 1 |a Kubaský, Juraj  |4 trl  |9 312412 
700 1 |a Ponca, Viliam  |4 aut  |9 298536 
710 2 |a Slovenský ústav technickej normalizácie (Bratislava, Slovensko).  |b Technická normalizačná komisia č. 22 Kvalita  |4 stn  |9 322786 
774 1 8 |t STN EN ISO 9001/Z1: 2001  |d Bratislava : Úrad pre normalizáciu, metrológiu a skúšobníctvo Slovenskej republiky, 2001  |w vtls011977707 
774 1 8 |t STN EN ISO 9001: 2009  |d Bratislava: Slovenský ústav technickej normalizácie, 2009  |w vtls009840148 
958 |a OP 
958 |a NB 
999 |c 1002811  |d 1004741 
952 |a SNK  |b SNK  |y PREZ  |7 0  |p 17A1040501  |o snkSTN EN ISO 9001  |i snk2012/20342  |8 0  |0 0  |1 0  |4 0  |d 2012-10-12  |l 0  |r 2026-02-24 12:25:56  |w 2026-02-24 
952 |a SNK  |b SNK  |y PREZ  |7 0  |p 17A1040502  |o snkSTN EN ISO 9001 D1  |i snk2012/20343  |8 0  |0 0  |1 0  |4 0  |d 2012-10-12  |l 0  |r 2026-02-24 12:25:56  |w 2026-02-24